000 00685nam a2200217Ia 4500
003 GCL
008 140319s9999 xx 000 0 ara d
040 _aGCL /
_cGCL
082 0 4 _a791.44
_bا ا
100 1 _aاحمد طاهر حسنين
245 1 0 _aالاذاعة والسياسة الدولية /
_cاحمد طاهر حسنين
260 _a[S.N] :
_bالهيئة المصرية العامة للكتاب ،
_c1980
300 _a318 ص
490 _a
650 0 4 _aالادارة
650 0 4 _aالاذاعة
650 0 4 _aالارسال والاستقبال
650 0 4 _aالانتاج الاذاعى
650 0 4 _aالدعاية الاذاعية
942 _2ddc
_cBK
999 _c32958
_d32958